000 00339nam a22001457a 4500
020 _a978-93-54-3299-13
082 _a894.812.3
_bGIR/T
100 _aGIREESHKUMAR, S
245 _aTHOTTICHAMARI
260 _aKOTTAYAM
_bDC BOOKS
_c2021
300 _a231
520 _a MALAYALAM SHORT STORY
650 _aMALAYALAM SHORT STORY
942 _cBK
999 _c7116
_d7116